000 00570nam a2200169Ia 4500
003 GCL
008 140319s9999 xx 000 0 ara d
040 _aGCL /
_cGCL
082 0 4 _a922.7103
_bج ق
100 1 _aجمعية مارمينا العجايبى للدراسا
245 1 0 _aقاموس التراجم القبطية /
_cجمعية مارمينا العجايبى للدراسا
300 _a289 ص
490 _aالهيئة العامة للاستعلامات
_v0
650 0 4 _aالاقباط
650 0 4 _aالمسيحيون فى مصر
942 _2ddc
_cBK
999 _c51858
_d51858